[Event "Campeonato Brasileiro Amador 2019 U1800"]
[Site "Sao Paulo"]
[Date "2019.06.22"]
[Round "5.27"]
[White "Saito, Helio Tsutomu"]
[Black "Da Cunha, Gabriela Goes"]
[Result "1/2-1/2"]
[WhiteElo "1668"]
[BlackElo "1457"]
[PlyCount "65"]
[EventDate "2019.06.20"]

1. Nf3 d5 2. g3 e6 3. Bg2 Nf6 4. d3 c5 5. O-O Nc6 6. Nbd2 b6 7. e4 Bb7 8. Re1
Be7 9. a3 Qc7 10. c3 h6 11. Qe2 g5 12. exd5 Nxd5 13. Nc4 O-O-O 14. Nce5 Bf6 15.
Nxc6 Qxc6 16. Ne5 Bxe5 17. Qxe5 Qd6 18. d4 Qxe5 19. Rxe5 cxd4 20. cxd4 Rd7 21.
Bd2 Ne7 22. Bxb7+ Kxb7 23. Bc3 Nc6 24. Re4 Rhd8 25. Rd1 e5 26. b4 b5 27. Kg2
exd4 28. Bb2 f5 29. Re2 a6 30. f4 g4 31. Rd3 Rd6 32. Red2 R6d7 33. Rd1 1/2-1/2

[Event "Campeonato Brasileiro Amador 2019 U1800"]
[Site "Sao Paulo"]
[Date "2019.06.22"]
[Round "5.28"]
[White "Paula, Hugo De Araujo"]
[Black "Bocca, Edson Ricardo"]
[Result "0-1"]
[WhiteElo "1557"]
[BlackElo "1645"]
[PlyCount "110"]
[EventDate "2019.06.20"]

1. d4 Nf6 2. Nf3 d5 3. e3 e6 4. Bd3 Be7 5. O-O Bd7 6. b3 O-O 7. Bb2 a6 8. Nbd2
h6 9. Ne5 Nc6 10. Nxd7 Qxd7 11. a3 Nh7 12. Nf3 f5 13. c4 Ng5 14. Nxg5 Bxg5 15.
f4 Bf6 16. Qc2 Ne7 17. c5 c6 18. Bc3 Kh8 19. Qe2 Rg8 20. Be1 Ng6 21. g4 Nf8 22.
Kh1 g6 23. Rg1 Qf7 24. g5 hxg5 25. fxg5 Bd8 26. Rg3 Rg7 27. Qf3 Rh7 28. Bf2 Bc7
29. Rh3 e5 30. Rxh7+ Qxh7 31. Qg2 e4 32. Be2 Ne6 33. Bg3 Bd8 34. Be5+ Kg8 35.
Bf6 Bxf6 36. gxf6 Kf7 37. Qg3 Rh8 38. Rg1 g5 39. Bf1 Qg6 40. Qe5 Qxf6 41. Qd6
Kg6 42. b4 Rd8 43. Qg3 f4 44. exf4 Qxf4 45. Qh3 Qf3+ 46. Qxf3 exf3 47. Rg4 Nf4
48. h3 Re8 49. Kh2 Re1 50. Bxa6 bxa6 51. h4 Re2+ 52. Kg3 Rg2+ 53. Kxf3 Rxg4 54.
Kxg4 Ne6 55. hxg5 Nxd4 0-1

[Event "Campeonato Brasileiro Amador 2019 U1800"]
[Site "Sao Paulo"]
[Date "2019.06.22"]
[Round "5.29"]
[White "Brujin, Homero"]
[Black "Da Silva, Matheus Lopes"]
[Result "1/2-1/2"]
[WhiteElo "1485"]
[BlackElo "1633"]
[PlyCount "109"]
[EventDate "2019.06.20"]

1. c4 Nf6 2. Nc3 g6 3. Nf3 Bg7 4. g3 c6 5. e4 d5 6. cxd5 cxd5 7. exd5 Nxd5 8.
Bg2 Nxc3 9. bxc3 O-O 10. O-O Bf5 11. Qb3 Be4 12. Re1 Bd5 13. Qc2 Nc6 14. Rb1
Qc7 15. d3 Bxf3 16. Bxf3 Ne5 17. Qd1 Nxf3+ 18. Qxf3 Qxc3 19. Bb2 Qa5 20. Bxg7
Kxg7 21. Rxe7 b6 22. Qe2 Qd5 23. Qe5+ Qxe5 24. Rxe5 Rfd8 25. Rd1 Rd4 26. Kf1
Rad8 27. Ke2 a6 28. Ke3 R8d7 29. Re4 Rxe4+ 30. Kxe4 Re7+ 31. Kf3 b5 32. d4 Kf6
33. Rc1 Re6 34. Rc5 Ke7 35. Rc7+ Kf6 36. d5 Re7 37. d6 Re6 38. Rc6 Re1 39. Rxa6
Rd1 40. Rb6 Rd2 41. Ke3 Rxa2 42. Rxb5 Ra7 43. Rb6 Ke6 44. Kd4 Ra5 45. Rc6 Rd5+
46. Ke4 Rxd6 47. Rxd6+ Kxd6 48. Kf4 h6 49. h4 Ke6 50. f3 f6 51. Ke4 f5+ 52. Kd4
Kd6 53. f4 h5 54. Kc4 Kc6 55. Kd4 1/2-1/2

[Event "Campeonato Brasileiro Amador 2019 U1800"]
[Site "Sao Paulo"]
[Date "2019.06.22"]
[Round "5.32"]
[White "Yokomizo, Wilton"]
[Black "Loss, Victor Pinheiro Cost"]
[Result "0-1"]
[WhiteElo "1468"]
[BlackElo "1412"]
[PlyCount "82"]
[EventDate "2019.06.20"]

1. b4 c6 2. Bb2 Qb6 3. a3 a5 4. c3 d5 5. e3 Nf6 6. c4 dxc4 7. Bd4 Qd8 8. Bxc4
axb4 9. axb4 Rxa1 10. Bxa1 e6 11. Qb3 b5 12. Be2 Na6 13. Bc3 Nd5 14. Bf3 Ndxb4
15. Bxb4 Nxb4 16. d4 Qa5 17. Nd2 Qa4 18. Be4 Qxb3 19. Nxb3 Nd5 20. Nc5 Bxc5 21.
dxc5 Bd7 22. Ne2 Ke7 23. Nd4 Ra8 24. O-O Ra4 25. Bxd5 exd5 26. Rc1 Rc4 27. Rxc4
dxc4 28. Kf1 Kf6 29. f4 b4 30. Ke1 Ke7 31. e4 Kd8 32. Kd2 Kc7 33. f5 f6 34. h4
Kb7 35. g4 h6 36. h5 Ka6 37. Kc2 Ka5 38. Kb2 Ka4 39. Ne2 Kb5 40. Ng1 Kxc5 41.
Nf3 Kd6 0-1

[Event "Campeonato Brasileiro Amador 2019 U1800"]
[Site "Sao Paulo"]
[Date "2019.06.22"]
[Round "5.34"]
[White "Palomino, Alexandre Cardoso De"]
[Black "Deste, Jair Francisco"]
[Result "0-1"]
[WhiteElo "1740"]
[BlackElo "1394"]
[PlyCount "78"]
[EventDate "2019.06.20"]

1. d4 d5 2. c4 Bf5 3. Nf3 Nc6 4. Nc3 e6 5. a3 h6 6. cxd5 exd5 7. Qb3 b6 8. Qxd5
Qxd5 9. Nxd5 O-O-O 10. Nc3 Nxd4 11. Nxd4 Rxd4 12. e3 Rd8 13. Ba6+ Kb8 14. e4
Bc8 15. Bc4 f6 16. Be3 Bd6 17. O-O Ne7 18. b4 Bb7 19. f4 Nc8 20. b5 Rhe8 21. e5
fxe5 22. f5 Rf8 23. a4 Ne7 24. g4 Bb4 25. Na2 Bc5 26. Bxc5 bxc5 27. Rad1 Nc8
28. a5 Rd4 29. Rxd4 cxd4 30. Nb4 Nd6 31. Be2 e4 32. Nc6+ Bxc6 33. bxc6 d3 34.
Rb1+ Ka8 35. Bf1 Rb8 36. Rxb8+ Kxb8 37. Kf2 Nc4 38. a6 e3+ 39. Ke1 d2+ 0-1

[Event "Campeonato Brasileiro Amador 2019 U1800"]
[Site "Sao Paulo"]
[Date "2019.06.22"]
[Round "5.35"]
[White "Reis, Antonio Ferreira Da "]
[Black "De Oliveira, Joao Eudes"]
[Result "1/2-1/2"]
[WhiteElo "1482"]
[BlackElo "1717"]
[PlyCount "56"]
[EventDate "2019.06.20"]

1. e4 c5 2. Nf3 d6 3. d4 cxd4 4. Nxd4 Nf6 5. Nc3 a6 6. Bg5 e6 7. f4 Be7 8. Qf3
Qb6 9. O-O-O Nbd7 10. g4 h5 11. gxh5 Nxh5 12. Bxe7 Kxe7 13. Nf5+ Kf8 14. Nxd6
Nc5 15. Nc4 Qc7 16. Ne5 Bd7 17. Be2 Ke7 18. Qg4 Rac8 19. Qg5+ f6 20. Ng6+ Ke8
21. Qh4 Nxe4 22. Bxh5 Nxc3 23. Nxh8+ Kd8 24. Nf7+ Ke7 25. bxc3 Qxc3 26. Qf2
Qa1+ 27. Kd2 Qc3+ 28. Kc1 Qa1+ 1/2-1/2

[Event "Campeonato Brasileiro Amador 2019 U1800"]
[Site "Sao Paulo"]
[Date "2019.06.22"]
[Round "6.2"]
[White "Jenidarchiche, Douglas Rodrigo"]
[Black "Lima, Vinicius Taishun"]
[Result "1/2-1/2"]
[WhiteElo "1737"]
[BlackElo "1703"]
[PlyCount "153"]
[EventDate "2019.06.20"]

1. d4 d5 2. c4 Bf5 3. Nc3 e6 4. Bf4 Nf6 5. Nf3 c6 6. e3 Nbd7 7. Be2 Be7 8. O-O
O-O 9. h3 h6 10. a3 Ne4 11. cxd5 cxd5 12. Rc1 Rc8 13. Qa4 a6 14. Nxe4 Bxe4 15.
Nd2 Bh7 16. Qb3 Qb6 17. Bc7 Qa7 18. Rc3 b5 19. Rfc1 Qb7 20. Nf3 Rfe8 21. Ne1
Nf8 22. f3 Nd7 23. Bd3 Bxd3 24. Nxd3 Bg5 25. f4 Be7 26. Qc2 Nf6 27. Ba5 Rc4 28.
Ne5 Rxc3 29. Qxc3 Ra8 30. Nd3 Ne4 31. Qc6 Qxc6 32. Rxc6 g6 33. g4 Kg7 34. Kg2
Ra7 35. Kf3 Ra8 36. b4 Nd2+ 37. Ke2 Nc4 38. Nc5 Nxa3 39. Nxa6 Nc4 40. Bc7 Kg8
41. Bb8 Kg7 42. f5 gxf5 43. gxf5 exf5 44. Bf4 Bg5 45. Kf3 Nd2+ 46. Ke2 Nc4 47.
Kf3 Nd2+ 48. Kg3 Ne4+ 49. Kg2 Bxf4 50. exf4 Ra7 51. Rb6 Nc3 52. Kf3 Re7 53. Nc5
Re1 54. Nd7 Re6 55. Rb8 Rd6 56. Ne5 Ra6 57. Rb7 Rf6 58. Ke3 Re6 59. Rxf7+ Kg8
60. Rb7 Ra6 61. Kd3 Ra3 62. Kc2 Ne2 63. Kb2 Rxh3 64. Rxb5 Nxd4 65. Rxd5 Rb3+
66. Ka2 Rxb4 67. Nd3 Ra4+ 68. Kb2 h5 69. Kc3 Ne2+ 70. Kd2 Nxf4 71. Rxf5 Nxd3
72. Kxd3 Rh4 73. Ke3 Rh1 74. Kf2 h4 75. Kg2 Rb1 76. Rh5 h3+ 77. Rxh3 1/2-1/2

[Event "Campeonato Brasileiro Amador 2019 U1800"]
[Site "Sao Paulo"]
[Date "2019.06.22"]
[Round "6.3"]
[White "Da Rosa, Henrique Jaze Simoes"]
[Black "Silva, Rodrigo Souza"]
[Result "0-1"]
[WhiteElo "1645"]
[BlackElo "1769"]
[PlyCount "96"]
[EventDate "2019.06.20"]

1. Nf3 Nf6 2. c4 g6 3. g3 Bg7 4. Bg2 O-O 5. O-O c5 6. Nc3 Nc6 7. d4 cxd4 8.
Nxd4 Nxd4 9. Qxd4 d6 10. Qd3 Rb8 11. e4 a6 12. h3 Be6 13. Be3 Qc8 14. b3 Bxh3
15. Rac1 Qg4 16. Qd1 Qxd1 17. Rfxd1 Bxg2 18. Kxg2 b5 19. cxb5 axb5 20. f3 b4
21. Na4 Rb7 22. Rc4 Nd7 23. Rdc1 h5 24. Rc7 Rxc7 25. Rxc7 Rd8 26. Bd2 Nc5 27.
Bxb4 Nxa4 28. bxa4 e6 29. a5 d5 30. a6 Ra8 31. a7 Bd4 32. exd5 exd5 33. Rd7
Rxa7 34. Rxa7 Bxa7 35. Kf1 Kg7 36. Ke2 Kf6 37. Bd6 Ke6 38. Bc7 Bc5 39. a4 Bd6
40. Bb6 Bxg3 41. a5 Kd7 42. a6 Kc6 43. a7 Kb7 44. Kf1 Be5 45. Ke2 g5 46. Kf2 h4
47. Be3 f6 48. Kg2 d4 0-1

[Event "Campeonato Brasileiro Amador 2019 U1800"]
[Site "Sao Paulo"]
[Date "2019.06.22"]
[Round "6.4"]
[White "Sanchez, Ivan Roberto"]
[Black "Rodio, Julia Brunetto"]
[Result "0-1"]
[WhiteElo "1691"]
[BlackElo "1756"]
[PlyCount "107"]
[EventDate "2019.06.20"]

1. c4 c5 2. Nf3 Nf6 3. Nc3 g6 4. g3 Bg7 5. e3 Nc6 6. Bg2 d6 7. h3 Bf5 8. d3 h6
9. a3 Rb8 10. O-O Qd7 11. Kh2 g5 12. Ne1 Bg6 13. Qc2 h5 14. Nd5 Na5 15. Nxf6+
Bxf6 16. Qd1 Nc6 17. Rb1 Ne5 18. Kg1 Nxc4 19. f4 gxf4 20. gxf4 Nb6 21. Qf3 h4
22. b3 Bh5 23. Qf2 Rg8 24. Bb2 Bxb2 25. Rxb2 Qxh3 26. Nf3 Bxf3 27. Qxf3 Qxf3
28. Rxf3 Kd7 29. Rh3 Rg4 30. Kf2 Rh8 31. Be4 e6 32. Kf3 Rhg8 33. Bxb7 d5 34.
Rbh2 Rg3+ 35. Kf2 Rxh3 36. Rxh3 Rh8 37. Ba6 Kc7 38. Kf3 Nd7 39. d4 cxd4 40.
exd4 Kb6 41. Be2 f5 42. Bf1 Nf6 43. Rh2 Ne4 44. a4 Ka5 45. Bb5 Kb4 46. Rb2 Kc3
47. Rb1 h3 48. Rh1 Kxb3 49. Rc1 Kb2 50. Rh1 Kc3 51. Rh2 a6 52. Bf1 Kb3 53. Rxh3
Rxh3+ 54. Bxh3 0-1

[Event "Campeonato Brasileiro Amador 2019 U1800"]
[Site "Sao Paulo"]
[Date "2019.06.22"]
[Round "6.5"]
[White "Sousa, Fabio De Fatima"]
[Black "Haraguchi, Diego Sashaki"]
[Result "1/2-1/2"]
[WhiteElo "1695"]
[BlackElo "1524"]
[PlyCount "141"]
[EventDate "2019.06.20"]

1. d4 Nf6 2. c4 g6 3. Nf3 d5 4. g3 dxc4 5. Bg2 Bg7 6. Qa4+ Nc6 7. Qxc4 Be6 8.
Qa4 O-O 9. O-O Nd7 10. e3 Nb6 11. Qd1 Bc4 12. Re1 a5 13. b3 Ba6 14. a3 e5 15.
Bb2 Re8 16. dxe5 Nxe5 17. Nxe5 Bxe5 18. Bxe5 Rxe5 19. Nc3 Qf6 20. Ne4 Qe7 21.
Qc2 Rd8 22. Red1 Red5 23. Rxd5 Rxd5 24. Rd1 Rxd1+ 25. Qxd1 f5 26. Nc3 c6 27. a4
Qd7 28. Qe1 Qe6 29. Qd1 Qd7 30. Qc2 Qd3 31. Qxd3 Bxd3 32. Bf1 Bxf1 33. Kxf1 Kf7
34. Ke2 Ke6 35. Kd3 Nd7 36. f3 Ne5+ 37. Ke2 Nd7 38. Kd3 Ne5+ 39. Ke2 Nd7 40.
Nb1 Nf6 41. Kd3 Kd6 42. Nc3 Nd7 43. f4 Nc5+ 44. Kc4 Nd7 45. e4 fxe4 46. Nxe4+
Ke7 47. Ng5 Nf8 48. g4 b6 49. Kd4 Kd7 50. Ke5 Ke7 51. h3 Nd7+ 52. Kd4 Nf8 53.
Kc4 Kd7 54. Kd4 Kd6 55. Kc4 Kd7 56. b4 axb4 57. Kxb4 Kd6 58. Kc4 Kd7 59. Ne4
Ke6 60. Kd4 h6 61. Nd2 Nd7 62. Nc4 b5 63. axb5 cxb5 64. Ne3 h5 65. Nd5 hxg4 66.
hxg4 Kd6 67. Nc3 b4 68. Ne4+ Ke7 69. Kc4 Nb6+ 70. Kb3 Nd5 71. f5 1/2-1/2

[Event "Campeonato Brasileiro Amador 2019 U1800"]
[Site "Sao Paulo"]
[Date "2019.06.22"]
[Round "6.6"]
[White "Nunes, Gustavo Morais"]
[Black "Canonico, Rodrigo"]
[Result "1-0"]
[WhiteElo "1798"]
[BlackElo "1714"]
[PlyCount "105"]
[EventDate "2019.06.20"]

1. d4 f5 2. g3 Nf6 3. Bg2 g6 4. Nf3 Bg7 5. O-O O-O 6. c4 d6 7. Nc3 Nc6 8. d5
Ne5 9. Nxe5 dxe5 10. e4 fxe4 11. Nxe4 Nxe4 12. Bxe4 Bh3 13. Re1 Qd6 14. Qc2 Bf5
15. Bd2 e6 16. dxe6 Qxe6 17. b3 Bxe4 18. Rxe4 Qf5 19. Bb4 Rf7 20. Rae1 h5 21.
Qe2 b6 22. Rd1 c5 23. Bc3 Raf8 24. Rf1 Re7 25. f4 Ref7 26. Bxe5 Re8 27. Re1
Rfe7 28. Kg2 Kf7 29. h3 Qd7 30. Qc2 Qc6 31. Kh2 Qd7 32. Bxg7 Kxg7 33. Rxe7+
Rxe7 34. Rd1 Qe8 35. Rd2 Qc6 36. Re2 Rxe2+ 37. Qxe2 Qd6 38. Kg2 Kf7 39. Kf3 Qd7
40. g4 hxg4+ 41. hxg4 Qd6 42. Kg3 Qd4 43. Qe5 Qg1+ 44. Kh4 g5+ 45. Kxg5 Qc1 46.
Qc7+ Ke6 47. Qxa7 Qc3 48. Qxb6+ Kd7 49. Qb7+ Ke6 50. Qc6+ Kf7 51. Qd7+ Kf8 52.
Kg6 Qc2+ 53. f5 1-0

[Event "Campeonato Brasileiro Amador 2019 U1800"]
[Site "Sao Paulo"]
[Date "2019.06.22"]
[Round "6.7"]
[White "Vieira, Paulo Cesar"]
[Black "Santos, Marcos Correia"]
[Result "0-1"]
[WhiteElo "1794"]
[BlackElo "1567"]
[PlyCount "104"]
[EventDate "2019.06.20"]

1. e4 e6 2. d3 d5 3. Nd2 Nf6 4. Ngf3 c5 5. g3 Be7 6. Bg2 O-O 7. O-O Nc6 8. Re1
b5 9. Qe2 Bb7 10. e5 Nd7 11. Nf1 a5 12. Bf4 a4 13. h4 a3 14. b3 Nb6 15. Rad1
Nb4 16. c3 Nc6 17. d4 c4 18. bxc4 bxc4 19. Rb1 Ba6 20. Ne3 Na4 21. Nd1 Qa5 22.
Qc2 Rfb8 23. Bc1 Rxb1 24. Qxb1 Rb8 25. Qc2 Nb2 26. Ne3 Nd3 27. Re2 Rb5 28. Nd2
Nxc1 29. Qxc1 Rb2 30. Ndxc4 Bxc4 31. Nxc4 dxc4 32. Rxb2 axb2 33. Qxb2 Qa6 34.
f4 Bf8 35. d5 exd5 36. Bxd5 Ne7 37. Be4 Nc8 38. Kg2 Qa3 39. Qc2 h6 40. f5 Nb6
41. f6 Na4 42. e6 fxe6 43. fxg7 Bxg7 44. Bh7+ Kh8 45. Qe4 Qxa2+ 46. Kh3 Nxc3
47. Qg6 Qe2 48. h5 Qf1+ 49. Kh2 Qf6 50. Qc2 e5 51. Bg6 e4 52. Qb2 e3 0-1

[Event "Campeonato Brasileiro Amador 2019 U1800"]
[Site "Sao Paulo"]
[Date "2019.06.22"]
[Round "6.8"]
[White "Barbosa, Luiz Francisco Da Si"]
[Black "Fischer Schilling, Ian"]
[Result "0-1"]
[WhiteElo "1762"]
[BlackElo "1763"]
[PlyCount "52"]
[EventDate "2019.06.20"]

1. d4 Nf6 2. Nf3 g6 3. c4 Bg7 4. Nc3 O-O 5. e4 d6 6. Be2 Nc6 7. d5 Nb8 8. O-O
e5 9. Qc2 Ne8 10. b4 a5 11. bxa5 Rxa5 12. Bd2 f5 13. Bd3 Ra8 14. Rfb1 Na6 15.
Ng5 Nc5 16. Ne6 Nxe6 17. dxe6 fxe4 18. Bxe4 c6 19. Be3 Nf6 20. f3 Nxe4 21. fxe4
Qe7 22. Na4 Bxe6 23. Rb6 Qf7 24. Rab1 Bxc4 25. h3 Bxa2 26. Rxb7 Bxb1 0-1

[Event "Campeonato Brasileiro Amador 2019 U1800"]
[Site "Sao Paulo"]
[Date "2019.06.22"]
[Round "6.9"]
[White "Santos, Jose Antonio Dos"]
[Black "Soares, Gustavo Henrique"]
[Result "1/2-1/2"]
[WhiteElo "1720"]
[BlackElo "1799"]
[PlyCount "107"]
[EventDate "2019.06.20"]

1. c4 e6 2. Nf3 d5 3. d4 Nf6 4. g3 b6 5. Bg2 Bb7 6. O-O Bd6 7. Nc3 a6 8. b3 c5
9. cxd5 Nxd5 10. Bb2 Nxc3 11. Bxc3 O-O 12. Qd3 Nc6 13. Rad1 Qe7 14. dxc5 Bxc5
15. Qc4 f6 16. Nd4 Bxd4 17. Bxd4 Rac8 18. Bxb6 Nb4 19. Qd4 Bxg2 20. Kxg2 Qb7+
21. f3 Nd5 22. Bc5 Rfd8 23. Qf2 Qb5 24. Rc1 Qa5 25. Rc2 Nb4 26. Bxb4 Qxb4 27.
Rxc8 Rxc8 28. Qe3 Qd6 29. Rc1 Rxc1 30. Qxc1 Kf7 31. Kf2 Qb6+ 32. Kg2 a5 33. Qc2
f5 34. Qd2 Qb5 35. h4 h5 36. Kh3 a4 37. bxa4 Qxa4 38. e3 g6 39. Qe2 e5 40. Qb2
Qa6 41. Qf2 Kf6 42. Kg2 Qd3 43. a4 Qa3 44. e4 Qxa4 45. Qb6+ Kf7 46. Qc7+ Ke6
47. Qc8+ Qd7 48. Qa6+ Qd6 49. Qc4+ Kf6 50. Qe2 Qc6 51. Qd2 fxe4 52. Qg5+ Kf7
53. Qxe5 Qc2+ 54. Kh3 1/2-1/2

[Event "Campeonato Brasileiro Amador 2019 U1800"]
[Site "Sao Paulo"]
[Date "2019.06.22"]
[Round "6.10"]
[White "Da Silva, Joao Carlos Orguim"]
[Black "Nobre, Jailson Altair Barbo"]
[Result "1-0"]
[WhiteElo "1793"]
[BlackElo "1695"]
[PlyCount "197"]
[EventDate "2019.06.20"]

1. c4 e5 2. Nc3 Nf6 3. e4 d6 4. d3 g6 5. g3 Bg7 6. Bg2 O-O 7. Nge2 Nbd7 8. O-O
c6 9. h3 Nc5 10. b4 Na6 11. b5 Nc5 12. Be3 Ne6 13. a4 a5 14. bxc6 bxc6 15. Rb1
Bd7 16. Rb6 Nd4 17. Qb1 Nxe2+ 18. Nxe2 Qc8 19. Kh2 Rb8 20. Nc3 Qc7 21. Qb3 c5
22. Rb1 Rxb6 23. Qxb6 Rc8 24. Qxc7 Rxc7 25. Rb8+ Rc8 26. Rxc8+ Bxc8 27. Nb5 Ne8
28. Bd2 f5 29. Bxa5 f4 30. g4 Bf6 31. f3 Be7 32. Kg1 Nf6 33. Kf1 Nd7 34. Bc7
Ba6 35. Nxd6 Kg7 36. Nb5 Kh6 37. Nd6 Kg7 38. Kg1 Kf6 39. Bf1 Ke6 40. Nb5 Bb7
41. Be2 Nf8 42. Bd1 h5 43. Nc3 Bd6 44. Ba5 Kd7 45. Nd5 hxg4 46. hxg4 Ne6 47.
Be1 Nd4 48. Bh4 Bc6 49. Kf2 Ne6 50. Ke1 Nd4 51. Bf2 Ne6 52. Kd2 Ng5 53. Be1 Ke6
54. Kc1 Nh3 55. Kb2 Bb7 56. Ka3 Bc6 57. Nc3 Bb8 58. Nb5 Kd7 59. Bh4 g5 60. Be1
Bb7 61. Kb2 Ba6 62. Kc2 Kc6 63. Kd2 Ng1 64. Kc1 Bc8 65. Ba5 Nh3 66. Bd8 Kd7 67.
Bb6 Kc6 68. Ba5 Kb7 69. Kd2 Ka6 70. Bc3 Nf2 71. Be2 Nh1 72. Bf1 Ng3 73. Bg2 Bd7
74. Kd1 Bc6 75. Be1 Be8 76. Bf2 Ka5 77. Bxc5 Kxa4 78. Nd6 Bg6 79. Nf5 Kb3 80.
Nxg3 fxg3 81. Be3 Kc3 82. Ke2 Be8 83. Bxg5 Ba7 84. Bd2+ Kc2 85. Be3 Bd4 86.
Bxd4 exd4 87. f4 Bf7 88. e5 Be8 89. f5 Kc3 90. Be4 Ba4 91. f6 Bc2 92. f7 Bxd3+
93. Bxd3 g2 94. Kf2 Kxd3 95. f8=Q Kc2 96. Qd6 d3 97. c5 d2 98. c6 d1=Q 99.
Qxd1+ 1-0

[Event "Campeonato Brasileiro Amador 2019 U1800"]
[Site "Sao Paulo"]
[Date "2019.06.22"]
[Round "6.11"]
[White "Rodrigues Mota, Romulo Cardoso S"]
[Black "Rezende, Uelton Fabricius Alv"]
[Result "1-0"]
[WhiteElo "1712"]
[BlackElo "1778"]
[PlyCount "75"]
[EventDate "2019.06.20"]

1. e4 e6 2. d4 d5 3. exd5 exd5 4. c4 dxc4 5. Bxc4 Nf6 6. h3 Be7 7. Nf3 O-O 8.
O-O b6 9. Nc3 Bb7 10. Bg5 Nc6 11. Re1 Na5 12. Bf1 Re8 13. a3 Nd5 14. Nxd5 Bxd5
15. Bf4 c6 16. b4 Nc4 17. Nd2 Nxd2 18. Qxd2 Bf6 19. Re3 Qd7 20. Rd1 Qf5 21. Be2
Red8 22. Bg4 Qg6 23. Rde1 h5 24. Bf3 Bxd4 25. Rd3 Bxf3 26. Rxf3 c5 27. Rg3 Qc6
28. Bh6 Bxf2+ 29. Qxf2 Qxh6 30. Re7 Rf8 31. bxc5 Qc1+ 32. Kh2 Qxc5 33. Qf6 g5
34. Rxg5+ Qxg5 35. Qxg5+ Kh8 36. Qxh5+ Kg7 37. Qg5+ Kh7 38. Re4 1-0

[Event "Campeonato Brasileiro Amador 2019 U1800"]
[Site "Sao Paulo"]
[Date "2019.06.22"]
[Round "6.12"]
[White "Abilhoa, Gustavo Auer"]
[Black "De Sousa, Alex Aecio"]
[Result "1-0"]
[WhiteElo "1767"]
[BlackElo "1692"]
[PlyCount "136"]
[EventDate "2019.06.20"]

1. Nf3 g6 2. g3 Bg7 3. d4 d5 4. Bg2 Nf6 5. c4 dxc4 6. Qa4+ Nc6 7. Ne5 O-O 8.
Nxc6 bxc6 9. Qxc6 Rb8 10. O-O Bd7 11. Qxc4 Bb5 12. Qc2 Qxd4 13. Nc3 Qc4 14. b3
Qe6 15. Be3 Bc6 16. Bxc6 Qxc6 17. Rac1 Ng4 18. Bd2 Rfd8 19. h3 Nh6 20. Bxh6
Bxh6 21. e3 Qd7 22. Kh2 Qd2 23. Rfd1 Qxc2 24. Rxd8+ Rxd8 25. Rxc2 a6 26. Ne4 f5
27. Nc5 Rd6 28. Kg2 Kf7 29. Na4 Rd1 30. Kf3 Rd7 31. Ke2 Bg7 32. Rc6 a5 33. Nc5
Rd6 34. Rxc7 Bc3 35. Nd3 Bb4 36. Rb7 Bc3 37. Rc7 Bb4 38. Nxb4 axb4 39. Rb7 Ra6
40. Rxb4 Rxa2+ 41. Kf3 Rb2 42. g4 fxg4+ 43. hxg4 Kf6 44. Rb6+ e6 45. Kg3 h5 46.
f3 hxg4 47. Kxg4 g5 48. Kg3 Kf5 49. Rb5+ Kf6 50. b4 Rb3 51. e4 Rb2 52. Rb7 Rb3
53. b5 Rb1 54. b6 Ke5 55. Rb8 Rg1+ 56. Kf2 Rb1 57. b7 Rb2+ 58. Kg3 Rb1 59. Kg4
Rg1+ 60. Kh5 Rh1+ 61. Kxg5 Rh7 62. Kg4 Rg7+ 63. Kh3 Rc7 64. Kg3 Rg7+ 65. Kf2
Rc7 66. Ke2 Rc2+ 67. Kd3 Rf2 68. Rf8 Rxf3+ 1-0

[Event "Campeonato Brasileiro Amador 2019 U1800"]
[Site "Sao Paulo"]
[Date "2019.06.22"]
[Round "6.13"]
[White "Borges, Leonardo Hisao Herai"]
[Black "Davanso, Joao Pedro"]
[Result "1-0"]
[WhiteElo "1748"]
[BlackElo "1655"]
[PlyCount "113"]
[EventDate "2019.06.20"]

1. Nf3 Nf6 2. g3 g6 3. b3 Bg7 4. Bb2 O-O 5. Bg2 d6 6. d4 Nbd7 7. c4 Re8 8. O-O
c5 9. Nc3 a6 10. e4 cxd4 11. Nxd4 Nc5 12. h3 Qb6 13. Re1 Nfd7 14. Nd5 Qd8 15.
b4 Ne6 16. Nxe6 fxe6 17. Bxg7 Kxg7 18. Nf4 Kf7 19. h4 e5 20. Nd3 Nf6 21. Bf3
Be6 22. c5 Qd7 23. Qe2 a5 24. Red1 Qa4 25. bxa5 Rxa5 26. cxd6 exd6 27. Rdc1 Re7
28. Nb2 Qd4 29. a3 b5 30. Rd1 Qb6 31. Qd2 Rd7 32. h5 Bb3 33. hxg6+ hxg6 34.
Rdc1 Ra8 35. Qb4 Be6 36. a4 Ng4 37. Nd3 Rda7 38. Rcb1 Bd7 39. Kg2 Rxa4 40. Rxa4
Rxa4 41. Qxa4 Qd8 42. Qb3+ Kg7 43. Bxg4 Bxg4 44. Qxb5 Qh8 45. f3 Qh3+ 46. Kf2
Qh2+ 47. Ke3 Qxg3 48. Rf1 Bh3 49. Rf2 g5 50. Qd5 g4 51. Qxd6 Qg1 52. Qxe5+ Kg6
53. Nf4+ Kh7 54. Qe7+ Kh6 55. Qf6+ Kh7 56. Qf7+ Kh6 57. Qg6# 1-0

[Event "Campeonato Brasileiro Amador 2019 U1800"]
[Site "Sao Paulo"]
[Date "2019.06.22"]
[Round "6.14"]
[White "Parijos De Melo, Luiz Claudio"]
[Black "Arruda Filho, Ivo Pereira De"]
[Result "0-1"]
[WhiteElo "1706"]
[BlackElo "1742"]
[PlyCount "114"]
[EventDate "2019.06.20"]

1. e4 c6 2. d4 d5 3. Nd2 e6 4. Ngf3 dxe4 5. Nxe4 Be7 6. Bd3 Nf6 7. c4 Nbd7 8.
Bd2 Nxe4 9. Bxe4 Nf6 10. Bd3 O-O 11. Qe2 a5 12. O-O-O c5 13. Bc3 cxd4 14. Bxd4
Qc7 15. Be5 Qc5 16. Bd4 Qc7 17. Kb1 Rd8 18. h3 Bd7 19. g4 Bc6 20. Bc3 Qf4 21.
Ne5 Bxh1 22. Rxh1 Bb4 23. Bxb4 axb4 24. h4 Rd4 25. f3 Rad8 26. g5 Nh5 27. Rd1
g6 28. Ng4 Ng3 29. Qc2 Nf5 30. Be2 Ne3 31. Rxd4 Qxd4 32. Nh6+ Kg7 33. Qa4 Qd2
34. a3 Qxe2 35. Qxb4 Rd1+ 36. Ka2 Qxc4+ 37. Qxc4 Nxc4 38. Kb3 b5 39. a4 Nd6 40.
a5 Rd4 41. Ng4 Ra4 42. a6 Rxa6 43. Kb4 Rc6 44. Ne5 Rc2 45. b3 f6 46. Nd7 fxg5
47. hxg5 h5 48. gxh6+ Kxh6 49. Nf8 e5 50. Nd7 e4 51. fxe4 Nxe4 52. Kxb5 g5 53.
b4 g4 54. Ne5 g3 55. Nf3 g2 56. Kb6 Nd6 57. b5 Rb2 0-1

[Event "Campeonato Brasileiro Amador 2019 U1800"]
[Site "Sao Paulo"]
[Date "2019.06.22"]
[Round "6.15"]
[White "Sato, Claudio Takeshi"]
[Black "De Moura, Valderi Nascimento"]
[Result "0-1"]
[WhiteElo "1609"]
[BlackElo "1735"]
[PlyCount "164"]
[EventDate "2019.06.20"]

1. b3 Nf6 2. Bb2 g6 3. e3 Bg7 4. Nf3 d6 5. c4 Bg4 6. Be2 e5 7. h3 Bf5 8. d4 e4
9. Nh4 Bd7 10. g4 Nc6 11. d5 Nb4 12. Qd2 Nd3+ 13. Bxd3 exd3 14. Qxd3 O-O 15.
Ng2 Re8 16. Nd2 c6 17. dxc6 Bxc6 18. Rg1 Be4 19. Nxe4 Nxe4 20. Bxg7 Qa5+ 21.
Ke2 Kxg7 22. Rgc1 Rac8 23. Nf4 Qg5 24. Qd4+ Kg8 25. f3 Nc5 26. Nd5 Re6 27. Rh1
Qh4 28. Rad1 Rce8 29. Qc3 Nd7 30. e4 Rc8 31. Qe1 Qd8 32. Nf4 Re8 33. Rxd6 Qc7
34. Qd2 Nc5 35. Rd4 Rcd8 36. Nd5 Qe5 37. Kf1 Ne6 38. Rd3 Qa1+ 39. Kg2 Qe5 40.
Qc3 Nf4+ 41. Nxf4 Qxf4 42. Rhd1 Rxd3 43. Qxd3 h5 44. Qd2 Qe5 45. Qd6 Qg5 46.
Rd5 Qe3 47. Rd2 h4 48. Qd4 Qf4 49. Qf2 g5 50. Rd5 b6 51. Rf5 Qc1 52. Qe2 Rd8
53. Rd5 Rxd5 54. exd5 Qf4 55. Qf2 Kf8 56. Qe1 a5 57. Qf2 Ke8 58. Kf1 Kd7 59.
Ke2 Kc7 60. Kd3 Qc1 61. Qg2 f6 62. Qh2+ Kd7 63. Qg2 Qb1+ 64. Ke3 Qa1 65. Ke4
Qb1+ 66. Ke3 Qa1 67. Ke4 Qb1+ 68. Kd4 Qa1+ 69. Kd3 Qb1+ 70. Qc2 Qa1 71. Qe2
Qb1+ 72. Ke3 Qg1+ 73. Kd2 Qd4+ 74. Qd3 Qb2+ 75. Ke3 Kd6 76. Qd4 Qc1+ 77. Ke4
Qb1+ 78. Qd3 f5+ 79. gxf5 Qe1+ 80. Qe3 Qb1+ 81. Qd3 Qe1+ 82. Kd4 Qe5# 0-1

[Event "Campeonato Brasileiro Amador 2019 U1800"]
[Site "Sao Paulo"]
[Date "2019.06.22"]
[Round "6.16"]
[White "Martins De Aguiar, Marina"]
[Black "Potasso Junior, Alvaro"]
[Result "1-0"]
[WhiteElo "1724"]
[BlackElo "1606"]
[Annotator "Kleyt"]
[PlyCount "67"]
[EventDate "2019.06.20"]

1. e4 e6 2. d4 d5 3. Nc3 c5 4. exd5 exd5 5. dxc5 d4 6. Bb5+ Nc6 7. Qe2+ Be6 8.
Ne4 Be7 9. Nf3 Nf6 10. O-O O-O 11. Bg5 Bd5 12. Nxf6+ Bxf6 13. Bxf6 Qxf6 14. Qd3
Rad8 15. a3 a6 16. Bc4 Bxf3 17. Qxf3 Qxf3 18. gxf3 Ne5 19. Be2 Rc8 20. b4 Rc6
21. Rad1 Rd8 22. Rd2 Rf6 23. Rfd1 Rf4 24. Kg2 g5 25. c3 Nc6 26. cxd4 Rfxd4 27.
Rxd4 Nxd4 28. Rd2 h5 29. h3 Kg7 30. Bd1 Kf6 31. Rd3 Ke7 32. Re3+ Kf6 33. Ba4
Nf5 34. Rd3 {Continuação incompreensível} 1-0